000 00255nam a22001217a 4500
008 170802b xxu||||| |||| 00| 0 eng d
041 _aeng
080 _a004
100 _a32
101 _aSHKI
245 _aADOBE PHOTOSHOP 5.0
_cADOBE
942 _2udc
_cBK
999 _c22579
_d22579